Central Library OPAC University of Rajshahi

Work study / (Record no. 57784)

MARC details
000 -LEADER
fixed length control field 00651nam a2200229 a 4500
001 - CONTROL NUMBER
control field 57784
003 - CONTROL NUMBER IDENTIFIER
rucl marc code BD-RjUL
005 - DATE AND TIME OF LATEST TRANSACTION
control field 20211209080542.0
008 - FIXED-LENGTH DATA ELEMENTS--GENERAL INFORMATION
fixed length control field 161211r19691968enk 000 0 eng d
035 ## - SYSTEM CONTROL NUMBER
System control number (BD-RjUL)57908
040 ## - CATALOGING SOURCE
Original cataloging agency GUA
Transcribing agency GUA
Language of cataloging eng
Modifying agency BD-RjUL
041 ## - LANGUAGE CODE
Language code of text/sound track or separate title eng
082 ## - DEWEY DECIMAL CLASSIFICATION NUMBER
Edition number 23
Classification number 658.542
Author mark and year CUW 1969
090 ## - LOCALLY ASSIGNED LC-TYPE CALL NUMBER (OCLC); LOCAL CALL NUMBER (OCLC)
Classification number (OCLC) (R) ; Classification number, CALL (RLIN) (NR) S562.G7
Local cutter number (OCLC) ; Book number/undivided call number, CALL (RLIN) B750
100 ## - MAIN ENTRY--PERSONAL NAME
Personal name Currie, Russell M
9 (RLIN) 171609
245 00 - TITLE STATEMENT
Title Work study /
Statement of responsibility, etc. Russell M Currie
260 ## - PUBLICATION, DISTRIBUTION, ETC. (IMPRINT)
Place of publication, distribution, etc. London :
Name of publisher, distributor, etc. British Productivity Council,
Date of publication, distribution, etc. 1968 [Reprinted 1969]
300 ## - PHYSICAL DESCRIPTION
Pagination 48 p. :
Illustrations ill. ;
Size 21 cm.
500 ## - GENERAL NOTE
General note Cover title.
650 #0 - SUBJECT ADDED ENTRY--TOPICAL TERM
Topical term or geographic name as entry element Farm management
Geographic subdivision Great Britain
9 (RLIN) 171610
942 ## - ADDED ENTRY ELEMENTS (KOHA)
Source of classification or shelving scheme Dewey Decimal Classification
Koha item type Books
Holdings
Lost status Source of classification or shelving scheme Damaged status Not for loan Collection code Permanent Location Current Location Shelving location Date acquired Source of acquisition Cost, normal purchase price Total Checkouts Full call number Date last seen Copy number Koha item type
  Dewey Decimal Classification     Non-fiction Central Library, University of Rajshahi Central Library, University of Rajshahi   05/04/1970 Zeitlinger 45.00   658.542 CUW 1969 11/12/2016 C-2 Books
  Dewey Decimal Classification     Non-fiction Central Library, University of Rajshahi Central Library, University of Rajshahi   05/04/1970 Zeitlinger 45.00   658.542 CUW 1969 11/12/2016 C-3 Books